15 najbardziej dotkniętych krajów Covid-19 - 11 czerwca - Statystyki

Ogólne statystyki
  • Ten quiz został rozwiązany 49 razy
  • Średni wynik to 11 z 26
Statystyki odpowiedzi
kraj % Poprawnych
Stany Zjednoczone
98%
Rosja
93%
Francja
80%
Niemcy
77%
Włochy
77%
Hiszpania
75%
Brazylia
68%
Wielka Brytania
68%
Indie
61%
Meksyk
59%
Szwecja
48%
Turcja
43%
Peru
39%
Chile
36%
Chile
36%
Iran
34%
Belgia
32%
Białoruś
27%
Irlandia
23%
Pakistan
20%
Katar
11%
Bahrajn
7%
Kuwejt
7%
Singapur
5%
Armenia
2%
Panama
2%
Nie znaleziono quizów pasujących do podanych kryteriów
Rozkład punktacji
Procent ludzi z każdym wynikiem
Percentyl według liczby udzielonych odpowiedzi
Twoja historia wyników
Nie rozwiązałeś tego quizu